Recycling cities for people (Record no. 15879)

000 -LEADER
fixed length control field 00623nam a2200217 a 4500
001 - CONTROL NUMBER
control field 15879
003 - CONTROL NUMBER IDENTIFIER
control field BD-DhUET
008 - FIXED-LENGTH DATA ELEMENTS--GENERAL INFORMATION
fixed length control field 810529s1982 maua b 001 0 eng
020 ## - INTERNATIONAL STANDARD BOOK NUMBER
International Standard Book Number 0442216041
040 ## - CATALOGING SOURCE
Original cataloging agency DLC
Transcribing agency DLC
Modifying agency BD-DhUET
082 ## - DEWEY DECIMAL CLASSIFICATION NUMBER
Classification number 711.4
Item number CUT/1982
100 ## - MAIN ENTRY--PERSONAL NAME
Personal name Cutler, Laurence Stephan
245 10 - TITLE STATEMENT
Title Recycling cities for people
Remainder of title the urban design process
250 ## - EDITION STATEMENT
Edition statement 2nd ed.
260 ## - PUBLICATION, DISTRIBUTION, ETC. (IMPRINT)
Place of publication, distribution, etc. New York
Name of publisher, distributor, etc. VAN Nostrand Reinhold
Date of publication, distribution, etc. 1982
300 ## - PHYSICAL DESCRIPTION
Extent 296 p.
Other physical details ill.
Dimensions 23 x 28 cm.
504 ## - BIBLIOGRAPHY, ETC. NOTE
Bibliography, etc Includes bibliographies
650 #0 - SUBJECT ADDED ENTRY--TOPICAL TERM
Topical term or geographic name as entry element City planning
Geographic subdivision United States
700 ## - ADDED ENTRY--PERSONAL NAME
Personal name Cutler, Sherrie Stephens
942 ## - ADDED ENTRY ELEMENTS (KOHA)
Koha item type General Book
Holdings
Date acquired Sublocation or collection (holding branch) Koha item type Koha normalized classification for sorting Koha date last seen Copy number Location (home branch) Shelving location Not for loan Damaged status Withdrawn status Price effective from Koha issues (times borrowed) Source of classification or shelving scheme Lost status Koha date last borrowed Piece designation (barcode) Koha full call number
2015-03-16Central Library, BUETGeneral Book711_400000000000000_CUT_19822023-07-091Central Library, BUETCirculation section   2015-03-162  2022-07-0572182711.4/CUT/1982
2015-03-18Central Library, BUETGeneral Book711_400000000000000_CUT_19822015-03-18 Central Library, BUET    2015-03-18     711.4 CUT/1982